000 00496nam a2200157 i 4500
001 147562
003 ES-MaACL
005 20230906202109.0
007 t|
008 071003s1951 sp ||||1| spa d
100 1 _aUrabayen, Leoncio.
_9112050
245 1 4 _aLos puentes de Pamplona
_b: estudio monográfico de geografía de los paisajes humanizados /
_cLeoncio Urabayen.
260 _aPamplona :
_bLibe,
_c1951.
300 _a93 p. :
_bil. ;
_c18 cm.
852 _aES-MaACL
_j1937-F-16
_bR.31373
999 _c147562
_d147562